000
00396nam a2200145Ia 4500
008
090124s9999 xx 000 0 und d
082
_b
300377
245
_a
पाकसिध्दी
250
_a
1
260
_b
वैद्य लक्ष्मीबाई
_c
1969
300
_a
580
630
_a
पाकसिध्दी
730
_a
पाकसिध्दी
942
_c
BOOK
999
_c
189931
_d
189931